Monks and Nuns - Statistics

General Stats
  • This quiz has been taken 8,168 times
  • The average score is 14 of 20
Answer Stats
Hint Answer % Correct
Albanian nun who won a Nobel Peace Prize for her work in Kolkata Mother Teresa
98%
Monk who supposedly nailed his Ninety-five Theses to a church door in 1517 Martin Luther
90%
Russian mystic known as the "Mad Monk" who was assassinated in 1916 Rasputin
86%
Before China invaded in 1950 - about half of the male population of this region were Buddhist monks Tibet
86%
Common term for a place where nuns live, starting with C Convent
80%
Beverage which French monk Dom Pérignon is inaccurately credited as having invented Sparkling wine
78%
Country in which you'd find Mount Athos, famous for its many monasteries Greece
77%
"A" word which refers to the head of a monastery Abbot
72%
Trappist monks in Belgium are famous for making this Beer
72%
"H" word that refers to the clothing of a nun or monk Habit
72%
Perhaps feeling guilty for dissolving the monasteries, this king's last words were "monks, monks, monks" King Henry VIII
72%
Friar who was a companion of Robin Hood Friar {Tuck}
71%
Whoopi Goldberg movie about a woman who poses as nun to hide from the mob Sister Act
67%
Work by Geoffrey Chaucer whose many characters included a monk, a friar, and two nuns The Canterbury Tales
61%
What Hamlet said to Ophelia Get thee to a {nunnery}
57%
Modern country with the most Buddhist monks per capita Myanmar
57%
The three typical monastic vows are poverty, ______, and obedience Chastity
55%
Friar whose pea plant experiments led to the understanding of dominant and recessive genes Gregor Mendel
45%
Chinese monastery known as the cradle of kung fu Shaolin
38%
Venerable monk who wrote a history of England in the 8th century Bede
32%
No matching quizzes found
Score Distribution
Percent of People with Each Score
Percentile by Number Answered
Your Score History
You have not taken this quiz